Essentials of teacher leadership / (Record no. 531)
[ view plain ]
| 000 -LEADER | |
|---|---|
| fixed length control field | 00609nam a22001817a 4500 |
| 005 - DATE AND TIME OF LATEST TRANSACTION | |
| control field | 20230112054739.0 |
| 008 - FIXED-LENGTH DATA ELEMENTS--GENERAL INFORMATION | |
| fixed length control field | 230112b |||||||| |||| 00| 0 eng d |
| 020 ## - INTERNATIONAL STANDARD BOOK NUMBER | |
| International Standard Book Number | 978-621-8035-31-7 |
| 082 ## - DEWEY DECIMAL CLASSIFICATION NUMBER | |
| Classification number | Fil. 371.106 L791 2018 |
| 100 ## - MAIN ENTRY--PERSONAL NAME | |
| Personal name | Llagas, Avelina T. |
| Relator term | author |
| 245 ## - TITLE STATEMENT | |
| Title | Essentials of teacher leadership / |
| Statement of responsibility, etc. | Avelina T. Llagas, Brenda B. Corpuz |
| 260 ## - PUBLICATION, DISTRIBUTION, ETC. | |
| Place of publication, distribution, etc. | Manila: |
| Name of publisher, distributor, etc. | Lorimar Publishing, |
| Date of publication, distribution, etc. | c2018. |
| 300 ## - PHYSICAL DESCRIPTION | |
| Extent | xi, 259p.; |
| Other physical details | ill. |
| 541 ## - IMMEDIATE SOURCE OF ACQUISITION NOTE | |
| Accession number | 6600 c.1, 6601 c.2, 6602 c.3 |
| 650 ## - SUBJECT ADDED ENTRY--TOPICAL TERM | |
| Topical term or geographic name entry element | Teachers - Professional relationships |
| 650 ## - SUBJECT ADDED ENTRY--TOPICAL TERM | |
| Topical term or geographic name entry element | Educational leadership |
| 700 ## - ADDED ENTRY--PERSONAL NAME | |
| Personal name | Corpuz, Brenda B. |
| Relator term | author |
| Withdrawn status | Lost status | Source of classification or shelving scheme | Damaged status | Not for loan | Home library | Current library | Date acquired | Total Checkouts | Full call number | Barcode | Date last seen | Copy number | Price effective from | Koha item type |
|---|---|---|---|---|---|---|---|---|---|---|---|---|---|---|
| Dewey Decimal Classification | ctu-moalboal | ctu-moalboal | 01/05/2021 | Fil. 371.106 L791 2018 | 6600 | 01/12/2023 | 1 | 01/12/2023 | Books-Filipiniana | |||||
| Dewey Decimal Classification | ctu-moalboal | ctu-moalboal | 01/05/2021 | Fil. 371.106 L791 2018 | 6601 | 01/12/2023 | 2 | 01/12/2023 | Books-Filipiniana | |||||
| Dewey Decimal Classification | ctu-moalboal | ctu-moalboal | 01/05/2021 | Fil. 371.106 L791 2018 | 6602 | 01/12/2023 | 3 | 01/12/2023 | Books-Filipiniana |